UBT Library

ADVANCED MEDICAL TRANSCRIPTION COURSE (Record no. 59204)

000 -LEADER
fixed length control field 00350nam a22001457a 4500
008 - FIXED-LENGTH DATA ELEMENTS--GENERAL INFORMATION
fixed length control field 221219b ||||| |||| 00| 0 eng d
020 ## - INTERNATIONAL STANDARD BOOK NUMBER
International Standard Book Number 9781401833480
041 ## - LANGUAGE CODE
Language code of text/sound track or separate title eng
080 ## - UNIVERSAL DECIMAL CLASSIFICATION NUMBER
Edition identifier 3rd edition
Universal Decimal Classification number 616.8
082 ## - DEWEY DECIMAL CLASSIFICATION NUMBER
Classification number 616.8STE
100 ## - Rafti
Rafti 13
101 ## - Shkurtesa
Shkurtesa BIO
245 ## - TITLE STATEMENT
Title ADVANCED MEDICAL TRANSCRIPTION COURSE
Statement of responsibility, etc STEWART C.L.D
942 ## - ADDED ENTRY ELEMENTS (KOHA)
Source of classification or shelving scheme
Item type Books
Holdings
Withdrawn status Lost status Source of classification or shelving scheme Damaged status Not for loan Collection code Permanent location Current location Date acquired Total Checkouts Full call number Barcode Date last seen Price effective from Koha item type
          Koleksioni i përgjithshem UBT - Lipjan UBT - Lipjan 12/19/2022   616.8STE 002-8000287002601184 12/19/2022 12/19/2022 Books
UBT Library © 2015-2024. All rights reserved University Education for Business and Technology